[Event "Avoine op"]
[Site "Avoine"]
[Date "1991.??.??"]
[Round "1"]
[White "Seret, Jean Luc"]
[Black "Blidi, Abdelkader"]
[Result "1-0"]
[WhiteElo "2425"]
[BlackElo "1740"]
[PlyCount "73"]
[EventDate "1991.07.??"]
[EventType "swiss"]
[EventRounds "6"]
[EventCountry "FRA"]
[SourceTitle "EXT 2023"]
[Source "ChessBase"]
[SourceDate "2022.10.05"]
[SourceVersion "1"]
[SourceVersionDate "2022.10.05"]
[SourceQuality "1"]

1. c4 c5 2. Nc3 Nf6 3. g3 d6 4. Bg2 a6 5. a3 Nbd7 6. b4 Rb8 7. Nf3 Qc7 8. bxc5 Qxc5 9. d3 g6 10. 0-0 Bg7 11. Be3 Qa5 12. Bd2 Qc7 13. a4 0-0 14. a5 b6 15. axb6 Nxb6 16. Na4 Nxa4 17. Qxa4 Nd7 18. Rab1 Nc5 19. Qa3 Bd7 20. h4 Rxb1 21. Rxb1 Rb8 22. Rxb8+ Qxb8 23. Bb4 Na4 24. d4 Qc8 25. c5 dxc5 26. dxc5 Bb5 27. Qe3 Qc7 28. Nd4 Bxd4 29. Qxd4 Bxe2 30. c6 Bb5 31. Qd2 Kg7 32. Ba5 Qc8 33. c7 Bd7 34. Qb4 Kf8 35. Bb7 Qe8 36. Bxa6 Bc8 37. Bxc8 1-0